000 00406nam a2200157Ia 4500
008 210719s1966 xx 000 0 und d
041 _aeng
082 _a342.73 HEAU
100 _aHEATHCOCK (Claude L)
245 _aUnited states constitution in perspective.
260 _aBoston
_bAllyn and Bacon, Inc.
_c1966
300 _av,322
_bPB
365 _cRs
650 _aConstitutional Law
906 _aUSC
999 _c212743
_d212743